[Event "Oberliga Nord O 0102"]
[Site "Germany"]
[Date "2002.02.24"]
[Round "6.4"]
[White "Hoeckendorf, Hartmut"]
[Black "Schargorodskij, Maxim"]
[Result "1-0"]
[WhiteElo "2255"]
[BlackElo "2230"]
[PlyCount "85"]
[EventDate "2001.10.07"]
[EventType "team"]
[EventRounds "9"]
[EventCountry "GER"]
[SourceTitle "EXT 2002"]
[Source "ChessBase"]
[SourceDate "2001.11.25"]
[SourceVersion "1"]
[SourceVersionDate "2001.11.25"]
[SourceQuality "1"]
[WhiteTeam "Oberschoeneweide"]
[BlackTeam "Koenig Tegel II"]
[WhiteTeamCountry "GER"]
[BlackTeamCountry "GER"]

1. Nf3 c5 2. g3 Nf6 3. Bg2 Nc6 4. 0-0 e5 5. d3 d5 6. e4 dxe4 7. dxe4 Bg4 8. c3 Qxd1 9. Rxd1 Nxe4 10. Na3 Nd6 11. Re1 f6 12. h3 Be6 13. Be3 Nf5 14. Rad1 Be7 15. Bc1 Rc8 16. b3 Kf7 17. g4 Nd6 18. Nc2 a5 19. Ne3 c4 20. Nd5 Bf8 21. Nd2 cxb3 22. axb3 a4 23. bxa4 Na5 24. Ne4 Ndc4 25. f4 Nb3 26. f5 Bd7 27. Ndxf6 Bxf5 28. gxf5 gxf6 29. Rd7+ Be7 30. Rxb7 Nxc1 31. Rxc1 Rcd8 32. Kf2 Nd2 33. Nc5 Rc8 34. Ne6 Nc4 35. Bd5 Ke8 36. Bxc4 Rxc4 37. Rb8+ Kd7 38. Rd1+ Kc6 39. Rxh8 Rxa4 40. Rc8+ Kb7 41. Re8 Rh4 42. Kf3 Ba3 43. Rd7+ 1-0

[Event "BL2-Nord 0001"]
[Site "Germany"]
[Date "2001.04.01"]
[Round "8.4"]
[White "Schargorodskij, Maxim"]
[Black "Korsus, Bernd"]
[Result "0-1"]
[WhiteElo "2217"]
[BlackElo "2247"]
[PlyCount "64"]
[EventDate "2000.10.15"]
[EventType "team-tourn"]
[EventRounds "9"]
[EventCountry "GER"]
[SourceTitle "CBM 082 Extra"]
[Source "ChessBase"]
[SourceDate "2001.07.03"]
[SourceVersion "1"]
[SourceVersionDate "2001.07.03"]
[SourceQuality "1"]
[WhiteTeam "Koenig Tegel II"]
[BlackTeam "Delmenhorst"]
[WhiteTeamCountry "GER"]
[BlackTeamCountry "GER"]

1. e4 c5 2. Nf3 Nc6 3. g3 d6 4. Bg2 Nf6 5. d3 g6 6. 0-0 Bg7 7. Re1 0-0 8. h3 Rb8 9. Be3 h6 10. a4 a6 11. Nc3 e5 12. Nh2 Be6 13. Nf1 Qd7 14. Kh2 b6 15. Qd2 Kh7 16. f4 Rbe8 17. a5 exf4 18. gxf4 b5 19. Ng3 Qc7 20. f5 Bd7 21. Nd5 Nxd5 22. exd5 Nd4 23. f6 Bxf6 24. Bxh6 Bg7 25. Bxg7 Kxg7 26. Qg5 Rh8 27. Rf1 Qd8 28. Qf4 Ref8 29. Qxd6 Bxh3 30. Qxc5 Qh4 31. Rf2 Bxg2+ 32. Kg1 Qh2# 0-1

[Event "DLM-chT U20"]
[Site "Bad Homburg"]
[Date "2000.07.31"]
[Round "2.1"]
[White "Schargorodskij, Maxim"]
[Black "Haucke, Alexander"]
[Result "0-1"]
[WhiteElo "2217"]
[BlackElo "2193"]
[PlyCount "180"]
[EventDate "2000.07.29"]
[EventType "team-swiss"]
[EventRounds "7"]
[EventCountry "GER"]
[SourceTitle "EXT 2001"]
[Source "ChessBase"]
[SourceDate "2000.11.22"]
[SourceVersion "1"]
[SourceVersionDate "2000.11.22"]
[SourceQuality "1"]

1. e4 d5 2. exd5 Qxd5 3. Nc3 Qa5 4. d4 c6 5. Bc4 Bf5 6. Bd2 e6 7. Qe2 Bb4 8. a3 Nf6 9. Nf3 Nbd7 10. 0-0 Bxc3 11. Bxc3 Qc7 12. b4 0-0 13. Bb2 Nd5 14. Nh4 Nf4 15. Qd2 Be4 16. Rfe1 Bd5 17. Bf1 b5 18. Qc3 Qd8 19. Qg3 Nh5 20. Qh3 Nf4 21. Qg3 Nh5 22. Qh3 Nf4 23. Qg4 Ng6 24. Nxg6 hxg6 25. a4 a6 26. axb5 cxb5 27. Ra3 Nf6 28. Qf4 Qc8 29. Rc3 Qb8 30. Qh4 Qd8 31. Qf4 Nh5 32. Qe5 Rc8 33. Rh3 Qf6 34. Bc1 Rxc2 35. Be3 Qf5 36. Qxf5 exf5 37. Bd3 Rb2 38. Bxf5 gxf5 39. Rxh5 g6 40. Rh3 Rxb4 41. Bf4 Rb3 42. Rh4 f6 43. Bd6 Rc8 44. h3 g5 45. Rh5 Bf7 46. Rh6 Kg7 47. Re7 Kxh6 48. Rxf7 Kg6 49. Ra7 Rc1+ 50. Kh2 Ra1 51. Bf8 f4 52. d5 Rbb1 53. g4 fxg3+ 54. Kxg3 Rb3+ 55. Kg2 Rd3 56. d6 b4 57. Rb7 b3 58. d7 Rxd7 59. Rxb3 a5 60. Rf3 a4 61. Bb4 Rb1 62. Bc3 Rd6 63. h4 Rb3 64. hxg5 fxg5 65. Rg3 Rc6 66. Rg4 Rbxc3 67. Rxa4 R3c4 68. Ra8 Rg4+ 69. Kh3 Rh4+ 70. Kg3 Rc3+ 71. Kg2 Rc2 72. Kg3 Rf4 73. Rg8+ Kh6 74. Rh8+ Kg7 75. Ra8 Rcxf2 76. Ra5 Kg6 77. Ra8 R2f3+ 78. Kg2 Kh5 79. Ra2 Kg4 80. Kg1 Rc3 81. Kg2 Rfc4 82. Ra5 Rc2+ 83. Kg1 Kg3 84. Kf1 g4 85. Ra8 Rf4+ 86. Ke1 Kg2 87. Kd1 Rb2 88. Kc1 Rbf2 89. Kd1 g3 90. Rg8 Rh4 0-1

[Event "GER-chT U20"]
[Site "Neumuenster"]
[Date "2000.??.??"]
[Round "1"]
[White "Breder, Dennis"]
[Black "Schargorodskij, Maxim"]
[Result "1-0"]
[WhiteElo "2336"]
[BlackElo "2217"]
[PlyCount "153"]
[EventDate "2000.12.??"]
[EventType "team-swiss"]
[EventRounds "7"]
[EventCountry "GER"]
[SourceTitle "EXT 2002"]
[Source "ChessBase"]
[SourceDate "2001.11.25"]
[SourceVersion "1"]
[SourceVersionDate "2001.11.25"]
[SourceQuality "1"]

1. e4 c5 2. Nf3 e6 3. g3 Nc6 4. Bg2 Nge7 5. 0-0 g6 6. d4 cxd4 7. Nxd4 Bg7 8. Nb3 d5 9. exd5 Nxd5 10. Qe2 0-0 11. c4 Nde7 12. Nc3 Nf5 13. Rd1 Nfd4 14. Qf1 e5 15. Be3 Bg4 16. Rd2 Qc8 17. f3 Bf5 18. Qf2 Nb4 19. Nxd4 exd4 20. Bxd4 Qxc4 21. Bxg7 Kxg7 22. g4 Nd3 23. Bf1 Nxf2 24. Bxc4 Nh3+ 25. Kg2 Nf4+ 26. Kg3 Be6 27. Bxe6 Nxe6 28. Rd7 Nc5 29. Rc7 Rac8 30. Rxc8 Rxc8 31. Rd1 Rc7 32. Rd2 Rd7 33. Rxd7 Nxd7 34. Kf4 Nc5 35. Ke3 Kf6 36. b4 Na6 37. a3 Nc7 38. f4 Ke7 39. Kd4 Ne6+ 40. Ke4 h6 41. Ke5 f6+ 42. Ke4 h5 43. gxh5 gxh5 44. Nd5+ Kf7 45. Ne3 Nc7 46. a4 Ke6 47. f5+ Kd6 48. Nc4+ Kd7 49. b5 Ne8 50. Kd5 Nc7+ 51. Kc5 b6+ 52. Kd4 Ne8 53. Kd5 Nc7+ 54. Ke4 Ne8 55. Kf4 Nc7 56. Ke4 Ne8 57. Ne3 Kd6 58. Kd4 Nc7 59. Nc4+ Kd7 60. Ne3 Kd6 61. h4 Ne8 62. Nc4+ Kd7 63. Kd5 Nc7+ 64. Ke4 Ne8 65. Ne3 Kd6 66. Kd4 Nc7 67. Nc4+ Kd7 68. Nd2 Kd6 69. Ne4+ Ke7 70. Ng3 Ne8 71. Nxh5 Nd6 72. Ng3 Nf7 73. h5 Ng5 74. Kd5 Kd7 75. h6 Nh7 76. Ne4 Ke7 77. Kc6 1-0

[Event "Gelsenkirchen op"]
[Site "Gelsenkirchen"]
[Date "2000.??.??"]
[Round "9"]
[White "Orlov, Andrey"]
[Black "Schargorodskij, Maxim"]
[Result "1-0"]
[WhiteElo "2374"]
[BlackElo "2145"]
[PlyCount "85"]
[EventDate "2000.??.??"]
[EventType "swiss"]
[EventRounds "10"]
[EventCountry "GER"]
[SourceTitle "EXT 2001"]
[Source "ChessBase"]
[SourceDate "2000.11.22"]
[SourceVersion "1"]
[SourceVersionDate "2000.11.22"]
[SourceQuality "1"]

1. e4 c5 2. Nc3 e6 3. Nge2 a6 4. g3 Nc6 5. Bg2 Nge7 6. 0-0 g6 7. d4 cxd4 8. Nxd4 Bg7 9. Nxc6 Nxc6 10. Be3 0-0 11. Na4 b5 12. Nb6 Rb8 13. Nxc8 Rxc8 14. Rb1 Qa5 15. a3 Ne5 16. Bd4 Rfd8 17. Kh1 Nc4 18. Bxg7 Kxg7 19. c3 Qb6 20. Qe2 d5 21. exd5 exd5 22. Rbd1 d4 23. cxd4 Rxd4 24. b3 Rxd1 25. Rxd1 Na5 26. h4 Qf6 27. Bd5 Qf5 28. Kg2 Rc2 29. Qe3 Qf6 30. Rd4 Rc7 31. Rf4 Qd6 32. Qf3 f6 33. h5 Rc5 34. b4 Rxd5 35. h6+ Kf7 36. Rxf6+ Qxf6 37. Qxd5+ Qe6 38. Qf3+ Qf5 39. bxa5 Qxf3+ 40. Kxf3 g5 41. Ke4 Kg6 42. g4 Kxh6 43. Kf5 1-0

[Event "GER-chT U20"]
[Site "Neumuenster"]
[Date "2000.??.??"]
[Round "5"]
[White "Schargorodskij, Maxim"]
[Black "Maurer, Jochen"]
[Result "1-0"]
[WhiteElo "2217"]
[BlackElo "2163"]
[PlyCount "79"]
[EventDate "2000.12.??"]
[EventType "team-swiss"]
[EventRounds "7"]
[EventCountry "GER"]
[SourceTitle "EXT 2002"]
[Source "ChessBase"]
[SourceDate "2001.11.25"]
[SourceVersion "1"]
[SourceVersionDate "2001.11.25"]
[SourceQuality "1"]

1. e4 c5 2. Nf3 d6 3. d4 cxd4 4. Nxd4 Nf6 5. f3 Nc6 6. c4 Nxd4 7. Qxd4 g6 8. Nc3 Bg7 9. Be3 0-0 10. Qd2 Bd7 11. Be2 a5 12. 0-0 Bc6 13. Rac1 Nd7 14. Rfd1 Nc5 15. Bf1 Ne6 16. Kh1 Kh8 17. Nd5 f5 18. Bb6 Qe8 19. Re1 f4 20. Bxa5 Qf7 21. b3 g5 22. Bc3 Rg8 23. Be2 Nc5 24. Nb6 Ra6 25. Nd5 Raa8 26. Qb2 g4 27. Rf1 e6 28. Nf6 Rgf8 29. Nxg4 h5 30. Nf2 Rg8 31. Rcd1 Qg6 32. Rg1 e5 33. Nd3 Nxe4 34. fxe4 Bxe4 35. Ne1 h4 36. Bf3 Bxf3 37. gxf3 Qh5 38. Rxd6 Rad8 39. Qd2 Rde8 40. Rdg6 1-0

[Event "GER-chT U20"]
[Site "Neumuenster"]
[Date "2000.??.??"]
[Round "7"]
[White "Schargorodskij, Maxim"]
[Black "Sieber, Stephan"]
[Result "0-1"]
[WhiteElo "2217"]
[BlackElo "2145"]
[PlyCount "62"]
[EventDate "2000.12.??"]
[EventType "team-swiss"]
[EventRounds "7"]
[EventCountry "GER"]
[SourceTitle "EXT 2002"]
[Source "ChessBase"]
[SourceDate "2001.11.25"]
[SourceVersion "1"]
[SourceVersionDate "2001.11.25"]
[SourceQuality "1"]

1. e4 c5 2. Nf3 e6 3. d4 cxd4 4. Nxd4 Nf6 5. Nc3 Bb4 6. Bd3 d5 7. exd5 Nxd5 8. Bd2 Nxc3 9. bxc3 Bc5 10. Qg4 Qf6 11. 0-0 h6 12. Ne2 Nc6 13. Ng3 e5 14. Qe4 g6 15. Rfe1 Be6 16. Qa4 Bb6 17. Kh1 0-0-0 18. f4 Qh4 19. Rab1 f5 20. c4 e4 21. c5 exd3 22. cxb6 a6 23. Bc3 Rhe8 24. cxd3 Rxd3 25. Qc2 Red8 26. Be5 Rxg3 27. Qxc6+ bxc6 28. b7+ Kd7 29. b8Q Rxb8 30. Rxb8 Bd5 31. Rb2 Rh3 0-1

[Event "GER-chT U20"]
[Site "Neumuenster"]
[Date "2000.??.??"]
[Round "4"]
[White "Seel, Christian"]
[Black "Schargorodskij, Maxim"]
[Result "1-0"]
[WhiteElo "2234"]
[BlackElo "2217"]
[PlyCount "115"]
[EventDate "2000.12.??"]
[EventType "team-swiss"]
[EventRounds "7"]
[EventCountry "GER"]
[SourceTitle "EXT 2002"]
[Source "ChessBase"]
[SourceDate "2001.11.25"]
[SourceVersion "1"]
[SourceVersionDate "2001.11.25"]
[SourceQuality "1"]

1. Nf3 Nf6 2. c4 c5 3. Nc3 e6 4. g3 b6 5. Bg2 Bb7 6. 0-0 Be7 7. Re1 d6 8. e4 a6 9. d4 cxd4 10. Nxd4 Qc7 11. Be3 Nbd7 12. Rc1 Rc8 13. f4 0-0 14. g4 g6 15. g5 Nh5 16. f5 Ne5 17. b3 exf5 18. Nxf5 Rfe8 19. Nh6+ Kh8 20. Bh3 Bf8 21. Ng4 Rb8 22. Nf6 Nxf6 23. gxf6 Bc8 24. Nd5 Qd8 25. Kg2 Bxh3+ 26. Kxh3 Qd7+ 27. Kg3 h5 28. h3 Kh7 29. Nxb6 Rxb6 30. Bxb6 Qe6 31. Be3 Qxf6 32. Rf1 Qe6 33. Qd5 Qxd5 34. cxd5 Bh6 35. Bxh6 Kxh6 36. Rc7 Kg5 37. h4+ Kh6 38. Ra7 Rc8 39. Rxa6 Rc3+ 40. Kg2 Re3 41. Rf4 Nd3 42. Rxf7 Rxe4 43. Rxd6 Rxh4 44. a4 Rg4+ 45. Kh2 Ne5 46. Rff6 Re4 47. Rde6 Ng4+ 48. Kg2 Nxf6 49. Rxe4 Nxe4 50. a5 Nc5 51. d6 Kg7 52. a6 Nxa6 53. d7 Nc5 54. d8Q Nxb3 55. Qc7+ Kh6 56. Qf4+ Kg7 57. Qe5+ Kh7 58. Qc3 1-0

[Event "Berlin Tegel-B"]
[Site "Berlin"]
[Date "1999.??.??"]
[Round "8"]
[White "Kiesekamp, Marcos"]
[Black "Schargorodskij, Maxim"]
[Result "1/2-1/2"]
[WhiteElo "2235"]
[BlackElo "2180"]
[PlyCount "39"]
[EventDate "1999.??.??"]
[EventType "tourn"]
[EventRounds "11"]
[EventCountry "GER"]
[EventCategory "4"]
[SourceTitle "EXT 2000"]
[Source "ChessBase"]
[SourceDate "1999.11.16"]
[SourceVersion "1"]
[SourceVersionDate "1999.11.16"]
[SourceQuality "1"]

1. d4 d5 2. c4 e6 3. Nf3 Nf6 4. Qc2 Be7 5. Bg5 h6 6. Bh4 0-0 7. e3 b6 8. Bd3 dxc4 9. Qxc4 Ba6 10. Qc2 Bxd3 11. Qxd3 c5 12. Bxf6 Bxf6 13. Qe4 Na6 14. 0-0 cxd4 15. exd4 Nb4 16. Nc3 Nd5 17. Nxd5 Qxd5 18. Qxd5 exd5 19. Ne5 Rfc8 20. Rac1 1/2-1/2

[Event "Oberliga Nord O 9899"]
[Site "Germany"]
[Date "1999.??.??"]
[Round "?"]
[White "Schargorodskij, Maxim"]
[Black "Berger, Gerd Helmar"]
[Result "1-0"]
[WhiteElo "2175"]
[BlackElo "2115"]
[PlyCount "101"]
[EventDate "1998.10.??"]
[EventType "team"]
[EventRounds "9"]
[EventCountry "GER"]
[SourceTitle "EXT 2000"]
[Source "ChessBase"]
[SourceDate "1999.11.16"]
[SourceVersion "1"]
[SourceVersionDate "1999.11.16"]
[SourceQuality "1"]

1. e4 g6 2. d4 Bg7 3. Nf3 d6 4. Nc3 c6 5. Be3 Nh6 6. Qd2 Ng4 7. Bg5 f6 8. Bf4 e5 9. Bg3 Qe7 10. h3 Nh6 11. Be2 Na6 12. Bxa6 bxa6 13. dxe5 dxe5 14. 0-0 0-0 15. Rad1 Nf7 16. Na4 Rb8 17. a3 Be6 18. Qc3 Nd6 19. Nc5 Nb5 20. Qe3 Bc8 21. b4 Nc7 22. Ne1 a5 23. c3 axb4 24. cxb4 a5 25. bxa5 Rb5 26. Rc1 Rxa5 27. Qc3 Ra8 28. a4 Ne6 29. Ned3 Nd4 30. Rfe1 Kh8 31. f3 Qf7 32. Bf2 Ne6 33. a5 Nxc5 34. Bxc5 Rd8 35. Bb6 Rd6 36. Nb4 Bd7 37. a6 f5 38. a7 f4 39. Bc7 Re6 40. Bb8 g5 41. Na6 Re8 42. Rb1 Rc8 43. Rb7 Qe8 44. Rd1 Rd8 45. Nc7 Qe7 46. Nxa8 g4 47. Nb6 gxh3 48. Rbxd7 Rxd7 49. Rxd7 Qg5 50. Qd2 Bf6 51. Bxe5 1-0

[Event "GER-ch U16"]
[Site "Oberhof"]
[Date "1999.??.??"]
[Round "?"]
[White "Schargorodskij, Maxim"]
[Black "Silber, Henning"]
[Result "0-1"]
[WhiteElo "2170"]
[BlackElo "2050"]
[PlyCount "108"]
[EventDate "1999.??.??"]
[EventType "swiss"]
[EventRounds "9"]
[EventCountry "GER"]
[SourceTitle "EXT 2000"]
[Source "ChessBase"]
[SourceDate "1999.11.16"]
[SourceVersion "1"]
[SourceVersionDate "1999.11.16"]
[SourceQuality "1"]

1. e4 e5 2. Nf3 Nc6 3. c4 Bc5 4. Be2 Nf6 5. Nc3 d6 6. 0-0 0-0 7. d3 h6 8. Nd5 Nd4 9. a3 c6 10. Nc3 Be6 11. Be3 Nxf3+ 12. Bxf3 Bxe3 13. fxe3 d5 14. cxd5 cxd5 15. exd5 Nxd5 16. Qd2 Qd7 17. d4 Nxe3 18. Qxe3 exd4 19. Qd2 dxc3 20. Qxd7 Bxd7 21. bxc3 Rab8 22. Bd5 Be6 23. c4 b6 24. Rad1 Rbd8 25. Bxe6 fxe6 26. Rxf8+ Rxf8 27. Rd7 Rf7 28. Rd8+ Kh7 29. Re8 Rc7 30. Rxe6 Rxc4 31. Re3 Rc2 32. h3 Rb2 33. Rc3 a5 34. Rc6 a4 35. h4 h5 36. Rc4 b5 37. Rc5 g6 38. Kh2 Rb3 39. g3 Kg7 40. Kg2 Kf7 41. Rg5 b4 42. axb4 Rxb4 43. Ra5 Ke7 44. Ra6 Rg4 45. Kf3 Kd7 46. Ra8 Kc7 47. Kf2 Kb7 48. Ra5 Kb6 49. Ra8 Kc5 50. Rb8 Kc4 51. Rb6 a3 52. Ra6 Kb3 53. Ra8 a2 54. Ra7 Ra4 0-1

[Event "Berlin Tegel-B"]
[Site "Berlin"]
[Date "1999.??.??"]
[Round "2"]
[White "Schargorodskij, Maxim"]
[Black "Zapolskis, Antanas J"]
[Result "0-1"]
[WhiteElo "2180"]
[BlackElo "2400"]
[PlyCount "72"]
[EventDate "1999.??.??"]
[EventType "tourn"]
[EventRounds "11"]
[EventCountry "GER"]
[EventCategory "4"]
[SourceTitle "EXT 2000"]
[Source "ChessBase"]
[SourceDate "1999.11.16"]
[SourceVersion "1"]
[SourceVersionDate "1999.11.16"]
[SourceQuality "1"]

1. e4 c5 2. Nf3 e6 3. d4 cxd4 4. Nxd4 a6 5. Nc3 Qc7 6. Bd3 Nc6 7. Nb3 b5 8. a3 Bb7 9. 0-0 Nf6 10. f4 d6 11. Qe2 Be7 12. Bd2 0-0 13. Rae1 Nd7 14. Rf3 g6 15. Rh3 Bf6 16. Kh1 Rfe8 17. Qf2 b4 18. Nd1 a5 19. axb4 Nxb4 20. Bxb4 axb4 21. Ne3 Bxb2 22. Qh4 Nf8 23. f5 Qe7 24. Qf2 exf5 25. Bb5 Qxe4 26. Bxe8 Rxe8 27. Rd1 f4 28. Nf1 Bc3 29. Nc1 Ne6 30. Rhd3 Ng5 31. Nd2 Qf5 32. Nf3 Nxf3 33. gxf3 Re3 34. Rf1 Ba6 35. Rg1 Bxd3 36. Nxd3 b3 0-1